| 000 | 00509nam a2200169 i 4500 | ||
|---|---|---|---|
| 001 | 27524 | ||
| 003 | ES-MaACL | ||
| 005 | 20230906153633.0 | ||
| 007 | t| | ||
| 008 | 030114s1971 sp ||||1| spa d | ||
| 100 | 1 |
_aAyestaran, Antonio. _924155 |
|
| 245 | 1 | 3 |
_aEl Iruña del 88 / _cAntonio Ayestaran ; fotos de archivo de Joaquín Arazuri. |
| 260 |
_aPamplona : _bEd. Gómez, _c[1971] |
||
| 300 |
_a127 p., 26 lám. ; _c20 cm. |
||
| 700 | 1 |
_aArazuri, Joaquín. _922374 |
|
| 852 |
_aES-MaACL _jC-41534 _bR.79528 |
||
| 999 |
_c27524 _d27524 |
||